| 000 | 00453nam a2200181Ia 4500 | ||
|---|---|---|---|
| 001 | 11567 | ||
| 005 | 20260306162837.0 | ||
| 008 | 260306t1987||||xx |||||||||||||| ||spa|| | ||
| 041 | _aESP | ||
| 082 |
_a985.092 _bL59 T. 1 |
||
| 100 |
_a[Autor no identificado] _eAUT |
||
| 245 | 0 | _aLibro de homenaje a Aurelio Miro Quesada Sosa | |
| 260 | _c1987 | ||
| 300 |
_a509 páginas : _c24 cm. |
||
| 650 | _aGEN | ||
| 654 | _aCHU | ||
| 942 |
_cLIB _dJUS _fJUS _2ddc _n |
||
| 999 |
_c11567 _d11567 |
||